000 00461nam a22001817a 4500
003 MPLRDC
005 20220104143733.0
008 210129b ||||| |||| 00| 0 eng d
020 _a7-208-03300-5
082 _a290 SHRM
100 _a本书编写组 编
245 _a崇尚科学, 破除迷信: 神秘主义面面观
_c
250 _a一版一刷
260 _a
_b上海人民
_c1999
300 _b
650 _a术数总论
942 _cBK
_o290 SHRM
999 _c42839
_d42829